| 000 -LEADER |
| fixed length control field |
00930cam a2200241Ia 4500 |
| 020 ## - INTERNATIONAL STANDARD BOOK NUMBER |
| ISBN |
0021094306 (gr. 1) |
| 020 ## - INTERNATIONAL STANDARD BOOK NUMBER |
| ISBN |
0021094608 (gr. 2) |
| 020 ## - INTERNATIONAL STANDARD BOOK NUMBER |
| ISBN |
0021094993 (gr. 6) |
| 040 ## - CATALOGING SOURCE |
| Transcribing agency |
IOC |
| 082 ## - DEWEY DECIMAL CLASSIFICATION NUMBER |
| Classification number |
511 HIL 1998 A060 Or. |
| 245 00 - TITLE STATEMENT |
| Title |
Math in my world |
| 246 1# - VARYING FORM OF TITLE |
| Title proper/short title |
McGraw-Hill mathematics |
| 260 ## - PUBLICATION, DISTRIBUTION, ETC. (IMPRINT) |
| Place of publication |
New York : |
| Name of publisher |
McGraw-Hill School Division, |
| Year of publication |
c1998. |
| 300 ## - PHYSICAL DESCRIPTION |
| Number of Pages |
v. : |
| Other physical details |
col. ill. ; |
| Dimensions |
29-31 cm. + |
| Accompanying material |
teacher's edition + blackline masters + workbooks + teacher's assessment resources + home/school connection + read aloud anthology + activity pad + flip chart + blackline masters. |
| 500 ## - GENERAL NOTE |
| General note |
Each vol. is a separate grade level: K - 6. |
| 520 ## - SUMMARY, ETC. |
| Summary, etc |
Student texts accompanied by teacher's editions (TE) and supplemental resources. |
| 650 #0 - SUBJECT ADDED ENTRY--TOPICAL TERM |
| Topical Term |
Mathematics |
| 650 #0 - SUBJECT ADDED ENTRY--TOPICAL TERM |
| Topical Term |
Arithmetic |
| 650 #0 - SUBJECT ADDED ENTRY--TOPICAL TERM |
| Topical Term |
Education, Elementary. |
| 700 1# - ADDED ENTRY--PERSONAL NAME |
| Personal name |
Clements, Douglas H. |
| 710 2# - ADDED ENTRY--CORPORATE NAME |
| Corporate name or jurisdiction name as entry element |
McGraw-Hill Companies. |
| 942 ## - ADDED ENTRY ELEMENTS (KOHA) |
| Koha item type |
សៀវភៅភាសាអង់គ្លេស |
| 952 ## - LOCATION AND ITEM INFORMATION (KOHA) |
| Withdrawn status [LOCAL, KOHA] |
0 |